| 000 | 00835nam a2200253Ia 4500 | ||
|---|---|---|---|
| 008 | 220204s9999 xx 000 0 und d | ||
| 082 |
_a631.415.2(063) _bUAS |
||
| 245 | 0 | _aEigth International Symposium on Plan-Soil Interactions at low pH, 18-22 October 2012, University of Agricultural sciences, Bengaluru. Compendium of abstracts | |
| 260 |
_a Bengaluru _b University of Agricultural Sciences _c2012 |
||
| 300 | _a420p. | ||
| 650 | _aAcid soils | ||
| 650 | _aAcidity management | ||
| 650 | _aCrop productivity | ||
| 650 | _aFertilizer influence | ||
| 650 | _aFoliage nutrient content | ||
| 650 | _aIndia | ||
| 650 | _aMature rubber plantation | ||
| 650 | _aOrganic carbon sequestration | ||
| 650 | _aRubber growing soil | ||
| 650 | _aSoil fertility | ||
| 650 | _aSustainability | ||
| 650 | _aUltisol | ||
| 942 | _cBK | ||
| 999 |
_c44862 _d44862 |
||